Digital Image Processing (Record no. 11531)

MARC details
000 -LEADER
fixed length control field 00417nam a22001817a 4500
003 - CONTROL NUMBER IDENTIFIER
control field OSt
008 - FIXED-LENGTH DATA ELEMENTS--GENERAL INFORMATION
fixed length control field 220910b ||||| |||| 00| 0 eng d
020 ## - INTERNATIONAL STANDARD BOOK NUMBER
International Standard Book Number 9789353062989
082 ## - DEWEY DECIMAL CLASSIFICATION NUMBER
Classification number 621.3822 GOD
100 ## - MAIN ENTRY--PERSONAL NAME
Personal name GONZALEZ,Rafael C
245 ## - TITLE STATEMENT
Title Digital Image Processing
250 ## - EDITION STATEMENT
Edition statement 4th
260 ## - PUBLICATION, DISTRIBUTION, ETC. (IMPRINT)
Place of publication, distribution, etc New Delhi
Name of publisher, distributor, etc Pearson
Date of publication, distribution, etc 2022
300 ## - PHYSICAL DESCRIPTION
Extent 1019
650 ## - SUBJECT ADDED ENTRY--TOPICAL TERM
Topical term or geographic name as entry element MCA
700 ## - ADDED ENTRY--PERSONAL NAME
Personal name WOODS,Richard E
942 ## - ADDED ENTRY ELEMENTS (KOHA)
Source of classification or shelving scheme Dewey Decimal Classification
Koha item type Text Books
Holdings
Withdrawn status Lost status Source of classification or shelving scheme Damaged status Not for loan Collection code Home library Current library Date acquired Source of acquisition Currency Cost, normal purchase price Bill Number Total Checkouts Full call number Acc. no. / Barcode Date last seen Actual Cost, discounted price Bill Date Koha item type
    Dewey Decimal Classification     MCA PIET C-LIBRARY PIET C-LIBRARY 05/09/2022 Kirti Praskshan IN Rupees 925.00 IN929   621.3822 GOD 33963 10/09/2022 629.00 05/09/2022 Text Books
    Dewey Decimal Classification     MCA PIET C-LIBRARY PIET C-LIBRARY 05/09/2022 Kirti Praskshan IN Rupees 925.00 IN929   621.3822 GOD 33964 10/09/2022 629.00 05/09/2022 Text Books
    Dewey Decimal Classification     MCA PIET C-LIBRARY PIET C-LIBRARY 05/09/2022 Kirti Praskshan IN Rupees 925.00 IN929   621.3822 GOD 33965 10/09/2022 629.00 05/09/2022 Text Books
    Dewey Decimal Classification     MCA PIET C-LIBRARY PIET C-LIBRARY 05/09/2022 Kirti Praskshan IN Rupees 925.00 IN929   621.3822 GOD 33966 10/09/2022 629.00 05/09/2022 Text Books
    Dewey Decimal Classification     MCA PIET C-LIBRARY PIET C-LIBRARY 05/09/2022 Kirti Praskshan IN Rupees 925.00 IN929   621.3822 GOD 33967 10/09/2022 629.00 05/09/2022 Text Books

Design & Developed by: PIET Central Library
R70 Miles Stone Pattikalyana Samalkha Panipat 132102
mail ID :- [email protected], Phone No:- 0180-2569700 Ex.216